[Event "Iasi op"]
[Site "Iasi"]
[Date "2014.05.12"]
[Round "3"]
[White "Arghirescu, Marius"]
[Black "Ionita, Gheorghe"]
[Result "1-0"]
[WhiteElo "1844"]
[BlackElo "1607"]
[PlyCount "49"]
[EventDate "2014.05.10"]
[EventType "swiss"]
[EventRounds "9"]
[EventCountry "ROU"]
[SourceTitle "CBM 160 Extra"]
[Source "ChessBase"]
[SourceDate "2014.07.01"]
[SourceVersion "1"]
[SourceVersionDate "2014.07.01"]
[SourceQuality "1"]

1. e4 e5 2. Nf3 Nc6 3. Bb5 Nf6 4. d3 Nd4 5. Nxd4 exd4 6. e5 Nd5 7. 0-0 b6 8. Qf3 Bb7 9. Bc4 c6 10. Nd2 Qc7 11. Re1 0-0-0 12. Qxf7 Nb4 13. Bb3 c5 14. Nc4 Qc6 15. f3 h6 16. e6 Nd5 17. Ne5 Qd6 18. exd7+ Kb8 19. Ba4 Qc7 20. Ng6 Bd6 21. f4 Rhg8 22. Re8 Nf6 23. Rxg8 Rxg8 24. Bb3 Qc6 25. Qxg8+ 1-0

[Event "ROM-ch"]
[Site "Targu Mures"]
[Date "2014.05.03"]
[Round "10"]
[White "Arghirescu, Marius"]
[Black "Ciortan, Mihail"]
[Result "1-0"]
[WhiteElo "1844"]
[BlackElo "1741"]
[PlyCount "112"]
[EventDate "2014.04.26"]
[EventType "swiss"]
[EventRounds "11"]
[EventCountry "ROU"]
[SourceTitle "CBM 160 Extra"]
[Source "ChessBase"]
[SourceDate "2014.07.01"]
[SourceVersion "1"]
[SourceVersionDate "2014.07.01"]
[SourceQuality "1"]

1. e4 d6 2. d4 Nf6 3. Nc3 e5 4. dxe5 dxe5 5. Qxd8+ Kxd8 6. Bg5 Be7 7. 0-0-0+ Nfd7 8. Nf3 f6 9. Be3 c6 10. a3 Kc7 11. Bc4 Nb6 12. Bb3 Bg4 13. h3 Bxf3 14. gxf3 Rd8 15. Rdg1 Bf8 16. f4 N8d7 17. f3 Re8 18. Rg2 Rad8 19. Rd1 Nc8 20. f5 Ndb6 21. Re1 Kb8 22. Nd1 Na8 23. Nf2 Nc7 24. Nd3 b6 25. a4 Kb7 26. Rd1 Nd6 27. c3 Kc8 28. Kc2 Kb7 29. Rgd2 Be7 30. Rg2 Bf8 31. Nf2 Nc8 32. Re1 Nd6 33. h4 Kc8 34. Nh1 Rd7 35. Ng3 Rde7 36. Nh5 Rd8 37. a5 Kb7 38. axb6 axb6 39. Rd1 Red7 40. Rgd2 c5 41. c4 Kc8 42. Bf2 Nb7 43. Rxd7 Rxd7 44. Rxd7 Kxd7 45. Ba4+ Kd6 46. f4 exf4 47. Kd3 Ke5 48. Be1 g6 49. Bc3+ Kd6 50. Nxf6 gxf5 51. Nxh7 fxe4+ 52. Kxe4 Bh6 53. Be5+ Ke6 54. Bxc7 Nd6+ 55. Bxd6 Kxd6 56. Bd1 Ke6 1-0

[Event "ROM-ch"]
[Site "Targu Mures"]
[Date "2014.04.27"]
[Round "3"]
[White "Arghirescu, Marius"]
[Black "Gal, Peter2222"]
[Result "1-0"]
[WhiteElo "1844"]
[BlackElo "1657"]
[PlyCount "51"]
[EventDate "2014.04.26"]
[EventType "swiss"]
[EventRounds "11"]
[EventCountry "ROU"]
[SourceTitle "CBM 160 Extra"]
[Source "ChessBase"]
[SourceDate "2014.07.01"]
[SourceVersion "1"]
[SourceVersionDate "2014.07.01"]
[SourceQuality "1"]

1. e4 e5 2. Nf3 Nc6 3. Bb5 d6 4. c3 Nf6 5. d3 Bd7 6. 0-0 h6 7. Re1 Be7 8. Nbd2 a6 9. Ba4 0-0 10. Nf1 b5 11. Bc2 Bg4 12. h3 Bh5 13. g4 Bg6 14. Ng3 Qd7 15. Nf5 Bd8 16. Be3 h5 17. Nh2 hxg4 18. hxg4 Ne7 19. Qf3 Nh7 20. Qh3 f6 21. Nf3 Nxf5 22. gxf5 Bf7 23. Kg2 g5 24. Rh1 Be8 25. Bb3+ Rf7 26. Qxh7+ 1-0

[Event "World Amateur-ch"]
[Site "Iasi"]
[Date "2013.04.25"]
[Round "4"]
[White "Arghirescu, Marius"]
[Black "Gibbs, Dominic V"]
[Result "1-0"]
[WhiteElo "1891"]
[BlackElo "1956"]
[PlyCount "133"]
[EventDate "2013.04.22"]
[EventType "swiss"]
[EventRounds "9"]
[EventCountry "ROU"]
[SourceTitle "CBM 154 Extra"]
[Source "ChessBase"]
[SourceDate "2013.06.25"]
[SourceVersion "2"]
[SourceVersionDate "2013.06.25"]
[SourceQuality "1"]

1. e4 c5 2. c4 d6 3. Nc3 Nc6 4. Nf3 Bg4 5. Be2 g6 6. d3 Bg7 7. 0-0 e6 8. Be3 Bxf3 9. Bxf3 Nge7 10. Qd2 0-0 11. Bd1 Nd4 12. f4 f5 13. Kh1 a6 14. Rc1 Rb8 15. Ne2 Nec6 16. Bxd4 Nxd4 17. b3 Kh8 18. Rf2 Rg8 19. Ng1 Bh6 20. Nh3 Qe7 21. Bf3 Rbf8 22. g3 Bg7 23. Rd1 Nxf3 24. Rxf3 Qd8 25. exf5 exf5 26. Re3 Re8 27. Rde1 Bd4 28. Rxe8 Rxe8 29. Rxe8+ Qxe8 30. Ng5 Kg7 31. Nf3 Bf6 32. Kg2 Kf7 33. Kf2 Qc6 34. d4 cxd4 35. Nxd4 Bxd4+ 36. Qxd4 Qh1 37. Qxd6 Qxh2+ 38. Kf3 Qh1+ 39. Kf2 Qe4 40. Qd7+ Qe7 41. Qd5+ Kg7 42. c5 Kf8 43. b4 Ke8 44. a4 Qg7 45. Qe5+ Qe7 46. Ke3 Kd7 47. Kd4 Qf8 48. b5 axb5 49. axb5 Kc8 50. Qe6+ Kc7 51. b6+ Kd8 52. Kd5 Qg7 53. Qe5 Qf7+ 54. Kd4 Kc8 55. Qh8+ Kd7 56. Qe5 Kc8 57. Qd6 Qg7+ 58. Kd5 Qf7+ 59. Qe6+ Qd7+ 60. Ke5 Qxe6+ 61. Kxe6 Kd8 62. Kf6 Kd7 63. Kg7 Kc6 64. Kxh7 Kxc5 65. Kxg6 Kxb6 66. Kxf5 Kc5 67. Ke6 1-0

[Event "ROM-ch"]
[Site "Baile Olanesti"]
[Date "2013.02.17"]
[Round "2"]
[White "Arghirescu, Marius"]
[Black "Negulescu, Alexandru"]
[Result "1-0"]
[WhiteElo "1912"]
[BlackElo "1648"]
[PlyCount "79"]
[EventDate "2013.02.16"]
[EventType "swiss"]
[EventRounds "11"]
[EventCountry "ROU"]
[SourceTitle "CBM 153 Extra"]
[Source "ChessBase"]
[SourceDate "2013.04.22"]
[SourceVersion "1"]
[SourceVersionDate "2013.04.22"]
[SourceQuality "1"]

1. e4 c5 2. Nc3 e6 3. f4 Nc6 4. Nf3 d5 5. Bb5 d4 6. Ne2 Nf6 7. d3 Bd7 8. 0-0 Qc7 9. Bd2 Be7 10. Qe1 e5 11. fxe5 Nxe5 12. Bxd7+ Nexd7 13. Ng3 g6 14. e5 Nd5 15. a3 h5 16. e6 fxe6 17. Qxe6 Qd6 18. Ng5 Rf8 19. Rxf8+ Nxf8 20. Qf7+ Kd8 21. Re1 Rc8 22. N3e4 Qd7 23. Bf4 Rc6 24. Be5 Kc8 25. Bg7 Ne6 26. Nf3 Nd8 27. Qg8 Qe6 28. Qh8 Qf5 29. Ne5 Rb6 30. Rf1 Qe6 31. b3 Kc7 32. Nc4 Ra6 33. a4 Rc6 34. Be5+ Kd7 35. Qg7 Kc8 36. Na3 b6 37. Nb5 Qd7 38. Qg8 Kb7 39. Ned6+ Bxd6 40. Qxd5 1-0

[Event "ROM-ch"]
[Site "Sarata Monteoru"]
[Date "2012.02.16"]
[Round "5"]
[White "Moldoveanu, Paul"]
[Black "Arghirescu, Marius"]
[Result "0-1"]
[WhiteElo "1859"]
[BlackElo "1921"]
[PlyCount "100"]
[EventDate "2012.02.13"]
[EventType "swiss"]
[EventRounds "11"]
[EventCountry "ROU"]
[SourceTitle "CBM 147 Extra"]
[Source "ChessBase"]
[SourceDate "2012.04.24"]
[SourceVersion "1"]
[SourceVersionDate "2012.04.24"]
[SourceQuality "1"]

1. e4 e5 2. Nf3 Nc6 3. Bb5 a6 4. Ba4 Nf6 5. 0-0 b5 6. Bb3 Be7 7. Re1 d6 8. c3 0-0 9. d3 Na5 10. Bc2 c5 11. Nbd2 Nc6 12. Nf1 Qc7 13. Bg5 Ne8 14. Qd2 f5 15. exf5 Bxf5 16. h3 Qd7 17. Bxe7 Qxe7 18. Ng5 Nf6 19. Bb3+ Kh8 20. Ng3 Bg6 21. Ne6 Rfe8 22. Nf4 Ra7 23. Nxg6+ hxg6 24. Qg5 d5 25. Qxg6 Qf7 26. Qxf7 Rxf7 27. Nf5 Rd7 28. a4 b4 29. Bd1 g6 30. Ng3 a5 31. Bf3 Kg7 32. c4 Nd4 33. Bd1 dxc4 34. dxc4 e4 35. Nf1 Rde7 36. Ne3 Rd8 37. Kf1 Rd6 38. Be2 Nd7 39. Nd5 Rf7 40. Ne3 Ne5 41. Ng4 Nxg4 42. Bxg4 Rdf6 43. f3 exf3 44. gxf3 Nxf3 45. Re6 Nh2+ 46. Kg2 Nxg4 47. Rae1 Rf2+ 48. Kg3 Nh6 49. R1e2 R2f3+ 50. Kh4 Nf5+ 0-1

[Event "ROM-ch"]
[Site "Sarata Monteoru"]
[Date "2012.02.15"]
[Round "3"]
[White "Craciun, Ovidiu"]
[Black "Arghirescu, Marius"]
[Result "1-0"]
[WhiteElo "2060"]
[BlackElo "1921"]
[PlyCount "113"]
[EventDate "2012.02.13"]
[EventType "swiss"]
[EventRounds "11"]
[EventCountry "ROU"]
[SourceTitle "CBM 147 Extra"]
[Source "ChessBase"]
[SourceDate "2012.04.24"]
[SourceVersion "1"]
[SourceVersionDate "2012.04.24"]
[SourceQuality "1"]

1. e4 e5 2. Nf3 Nc6 3. d4 exd4 4. Nxd4 Bc5 5. Be3 Qf6 6. c3 Nge7 7. g3 d6 8. Bg2 Ne5 9. h3 Nc4 10. Qa4+ Bd7 11. Qxc4 c6 12. Nd2 0-0 13. 0-0 b5 14. Qe2 Qg6 15. Rad1 Rae8 16. b4 Bb6 17. c4 f5 18. cxb5 f4 19. gxf4 Bxh3 20. f3 Nd5 21. f5 Qxg2+ 22. Qxg2 Bxg2 23. Bf2 Bxf1 24. Nxf1 Nc3 25. Rd2 cxb5 26. Ne6 Bxf2+ 27. Rxf2 Rf6 28. Rc2 Rc8 29. Ne3 g6 30. Nd5 Rf7 31. Ng5 Rb7 32. fxg6 hxg6 33. Rxc3 Rxc3 34. Nxc3 a6 35. Ne6 Kh7 36. Kf2 Kh6 37. Ke3 g5 38. Nd4 Kh5 39. Kd3 g4 40. fxg4+ Kxg4 41. Nf5 Kf4 42. Kd4 a5 43. Nxd6 Rd7 44. Nd5+ Kg5 45. Nxb5 axb4 46. Kc4 Rd8 47. Kxb4 Re8 48. Ndc3 Kf4 49. a4 Ra8 50. a5 Ke5 51. Ka4 Ra6 52. Nc7 Rc6 53. N7d5 Kd6 54. Kb5 Rc8 55. a6 Rb8+ 56. Nb6 Ke5 57. a7 1-0

[Event "ROM-ch"]
[Site "Sarata Monteoru"]
[Date "2012.02.14"]
[Round "2"]
[White "Arghirescu, Marius"]
[Black "Baciu, Alexandru"]
[Result "1/2-1/2"]
[WhiteElo "1921"]
[BlackElo "1688"]
[PlyCount "134"]
[EventDate "2012.02.13"]
[EventType "swiss"]
[EventRounds "11"]
[EventCountry "ROU"]
[SourceTitle "CBM 147 Extra"]
[Source "ChessBase"]
[SourceDate "2012.04.24"]
[SourceVersion "1"]
[SourceVersionDate "2012.04.24"]
[SourceQuality "1"]

1. e4 c5 2. Nf3 e6 3. c4 a6 4. Nc3 Qc7 5. Be2 d6 6. d4 cxd4 7. Nxd4 Nf6 8. Be3 Be7 9. Rc1 Nbd7 10. f3 0-0 11. Qd2 b6 12. 0-0 Bb7 13. Rfd1 Rac8 14. b3 Rfd8 15. Na4 Nc5 16. Nb2 Qb8 17. b4 Ncd7 18. Na4 Bf8 19. a3 d5 20. cxd5 exd5 21. Bf4 Bd6 22. Rxc8 Rxc8 23. Bxd6 Qxd6 24. Nf5 Qe5 25. Qg5 g6 26. Nxb6 Rc2 27. Nxd7 Nxd7 28. Qd8+ Nf8 29. Nd4 Ra2 30. Qb6 Bc8 31. Qc6 Bd7 32. Qxd5 Qxd5 33. exd5 Rxa3 34. Nc6 Ra2 35. Kf1 g5 36. Ne5 Ra4 37. Rb1 Bf5 38. Rb2 Nd7 39. Nc6 Kf8 40. Nd4 Bg6 41. d6 Ne5 42. Rb3 a5 43. Re3 Rxb4 44. Rxe5 Rxd4 45. Rxa5 Rxd6 46. Rxg5 Ke7 47. g4 h6 48. Rc5 Bd3 49. h4 Bxe2+ 50. Kxe2 Re6+ 51. Kf2 Ra6 52. Kg3 Kf6 53. Rb5 Kg7 54. Kf4 Rf6+ 55. Rf5 Ra6 56. Rc5 Rf6+ 57. Ke4 Re6+ 58. Re5 Ra6 59. f4 Ra4+ 60. Kf5 Ra1 61. Rb5 Ra6 62. g5 Rc6 63. Rb7 Rc5+ 64. Kg4 Rc6 65. Kh5 Ra6 66. f5 hxg5 67. hxg5 Rc6 1/2-1/2

[Event "ROM-ch op"]
[Site "Sarata Monteoru"]
[Date "2011.02.20"]
[Round "11"]
[White "Pop, Alexandru"]
[Black "Arghirescu, Marius"]
[Result "1-0"]
[WhiteElo "2137"]
[BlackElo "1921"]
[PlyCount "115"]
[EventDate "2011.02.12"]
[EventType "swiss"]
[EventRounds "11"]
[EventCountry "ROU"]
[SourceTitle "CBM 140 Extra"]
[Source "ChessBase"]
[SourceDate "2011.03.01"]
[SourceVersion "1"]
[SourceVersionDate "2011.03.01"]
[SourceQuality "1"]

1. e4 e5 2. Nc3 Nf6 3. Bc4 Be7 4. d3 Nc6 5. f4 d6 6. Nf3 0-0 7. 0-0 Na5 8. f5 Nxc4 9. dxc4 c6 10. Bg5 Qc7 11. Kh1 b6 12. Bxf6 Bxf6 13. g4 Be7 14. b3 Bb7 15. Qd3 f6 16. h4 a6 17. a4 Rad8 18. Rad1 Rd7 19. Rd2 Rfd8 20. Rfd1 d5 21. cxd5 Bb4 22. d6 Bxd6 23. Qc4+ Kf8 24. g5 Be7 25. g6 hxg6 26. fxg6 Bc5 27. Ng5 Rxd2 28. Rxd2 Rd6 29. Ne6+ Rxe6 30. Qxe6 Bd4 31. Ne2 Bc8 32. Qf7+ Qxf7 33. gxf7 Kxf7 34. Nxd4 exd4 35. Rxd4 Ke7 36. Kg2 Be6 37. Kf3 g6 38. Kf4 b5 39. axb5 axb5 40. b4 Bc4 41. e5 Bd5 42. exf6+ Kxf6 43. c3 Bg2 44. Rd6+ Kf7 45. Ke5 Kg7 46. Kf4 Kh6 47. Kg4 Be4 48. h5 Bf5+ 49. Kh4 Be4 50. hxg6 Bxg6 51. Rxc6 Kg7 52. Kg5 Bd3 53. Rc7+ Kf8 54. Kf6 Ke8 55. Ke5 Kd8 56. Kd6 Ke8 57. Rc8+ Kf7 58. Rb8 1-0

[Event "ROM-ch op"]
[Site "Sarata Monteoru"]
[Date "2011.02.18"]
[Round "9"]
[White "Prundeanu, Horia"]
[Black "Arghirescu, Marius"]
[Result "1/2-1/2"]
[WhiteElo "2194"]
[BlackElo "1921"]
[PlyCount "102"]
[EventDate "2011.02.12"]
[EventType "swiss"]
[EventRounds "11"]
[EventCountry "ROU"]
[SourceTitle "CBM 140 Extra"]
[Source "ChessBase"]
[SourceDate "2011.03.01"]
[SourceVersion "1"]
[SourceVersionDate "2011.03.01"]
[SourceQuality "1"]

1. e4 e5 2. Nf3 Nc6 3. Bb5 a6 4. Bxc6 dxc6 5. d4 exd4 6. Qxd4 Qxd4 7. Nxd4 Bd7 8. Be3 0-0-0 9. Nd2 Nf6 10. f3 h6 11. 0-0-0 c5 12. Ne2 Be7 13. c4 Bc6 14. Ng3 Rhe8 15. Nf5 Bf8 16. Nb1 Nxe4 17. Rxd8+ Kxd8 18. Rd1+ Kc8 19. Bg1 Nd6 20. Ne3 g6 21. b3 h5 22. Nc3 Bh6 23. Kd2 Nf5 24. Re1 Nh4 25. Kd3 Bxf3 26. gxf3 Nxf3 27. Rf1 Nxg1 28. Ned5 Nh3 29. Rxf7 Rd8 30. Rxc7+ Kb8 31. Rxc5 Nf4+ 32. Ke4 Re8+ 33. Kf3 Ne6 34. Ra5 Nd4+ 35. Kg2 Bd2 36. b4 Re5 37. Ra4 Nf5 38. b5 axb5 39. Nxb5 Ne3+ 40. Nxe3 Rxe3 41. Kf2 Re6 42. Ra8+ Kxa8 43. Nc7+ Ka7 44. Nxe6 g5 45. Ke2 Bc1 46. Kd1 Be3 47. Ke2 Bg1 48. Nxg5 Bxh2 49. c5 Ka6 50. Ne6 Bc7 51. Nxc7+ Ka5 1/2-1/2

[Event "ROM-ch op"]
[Site "Sarata Monteoru"]
[Date "2011.02.15"]
[Round "5"]
[White "Luca, Ionel"]
[Black "Arghirescu, Marius"]
[Result "0-1"]
[WhiteElo "2160"]
[BlackElo "1921"]
[PlyCount "112"]
[EventDate "2011.02.12"]
[EventType "swiss"]
[EventRounds "11"]
[EventCountry "ROU"]
[SourceTitle "EXT 2013"]
[Source "ChessBase"]
[SourceDate "2012.11.22"]
[SourceVersion "1"]
[SourceVersionDate "2012.11.22"]
[SourceQuality "1"]

1. c4 Nf6 2. Nc3 d6 3. g3 g6 4. Bg2 Bg7 5. d3 c6 6. Bd2 Na6 7. Nf3 0-0 8. 0-0 Nc7 9. Qc1 Re8 10. Rd1 Bd7 11. h3 e5 12. Bg5 Ne6 13. Be3 Rc8 14. Ne4 Qc7 15. Nfg5 Nd4 16. Bxd4 exd4 17. Qf4 Nxe4 18. Qxf7+ Kh8 19. Bxe4 Rf8 20. Qe7 Rce8 21. Nf7+ Kg8 22. Qxd6 Qc8 23. Ng5 Rf6 24. Qxd4 h6 25. Qe3 hxg5 26. Qxg5 Bxh3 27. Rd2 Qe6 28. Rad1 Kh7 29. Bg2 Bf5 30. e4 Bg4 31. Rf1 Bh6 32. Qh4 Kg7 33. e5 Rf7 34. f4 Qd7 35. d4 Rh8 36. d5 Bxf4 37. Qf6+ Rxf6 38. exf6+ Kxf6 39. Rxf4+ Kg5 40. Rdd4 c5 41. Rde4 Bf5 42. Re2 Re8 43. Ref2 Re1+ 44. Rf1 Qe7 45. Rxe1 Qxe1+ 46. Kh2 Qe2 47. Kg1 Qd1+ 48. Kh2 Qc2 49. Kg1 Qxb2 50. d6 Qc1+ 51. Bf1 Qd2 52. Rf2 Qxd6 53. Kh2 Be4 54. Rf4 Qd2+ 55. Kg1 Bc6 56. Rf8 Kg4 0-1

[Event "ROM-ch op"]
[Site "Sarata Monteoru"]
[Date "2011.02.14"]
[Round "3"]
[White "Dragomirescu, Calin"]
[Black "Arghirescu, Marius"]
[Result "0-1"]
[WhiteElo "2233"]
[BlackElo "1921"]
[PlyCount "176"]
[EventDate "2011.02.12"]
[EventType "swiss"]
[EventRounds "11"]
[EventCountry "ROU"]
[SourceTitle "EXT 2013"]
[Source "ChessBase"]
[SourceDate "2012.11.22"]
[SourceVersion "1"]
[SourceVersionDate "2012.11.22"]
[SourceQuality "1"]

1. d4 Nf6 2. c4 e5 3. dxe5 Ne4 4. a3 b6 5. Nf3 Bb7 6. e3 d6 7. Be2 Nd7 8. exd6 Bxd6 9. Nbd2 Qf6 10. Qc2 Ndc5 11. 0-0 0-0-0 12. Nb3 Nxb3 13. Qxb3 g5 14. Nd4 Qe5 15. g3 h5 16. Qb5 g4 17. f4 Qxb5 18. cxb5 Bc5 19. Rd1 Bxd4 20. exd4 f5 21. Bc4 Rd6 22. Bd2 h4 23. Be1 hxg3 24. Bxg3 Nxg3 25. hxg3 Rh1+ 26. Kf2 Rh2+ 27. Ke3 Rxb2 28. Ra2 Rxa2 29. Bxa2 Be4 30. d5 Rh6 31. Kd4 Rh3 32. Rg1 Rh2 33. Bb1 Re2 34. Rc1 Bxb1 35. Rxb1 Re4+ 36. Kd3 Ra4 37. Rh1 Rxa3+ 38. Kd4 Rxg3 39. Ke5 Rh3 40. Rg1 Rh5 41. Kf6 Kd7 42. Kg6 Rh8 43. Kxf5 Kd6 44. Rxg4 Kxd5 45. Rg7 Rc8 46. Kg4 c5 47. bxc6 a5 48. c7 a4 49. Kf5 b5 50. Rd7+ Kc6 51. Rd1 Rxc7 52. Ke6 a3 53. f5 Rb7 54. Rc1+ Kb6 55. f6 b4 56. Ra1 Kb5 57. f7 Rb8 58. Ke7 Ka4 59. Rd1 a2 60. Rd8 Rxd8 61. Kxd8 a1Q 62. f8Q Qd4+ 63. Kc8 Qc4+ 64. Kd7 Qb5+ 65. Ke6 b3 66. Qa8+ Kb4 67. Qf8+ Qc5 68. Qb8+ Ka3 69. Qa8+ Kb2 70. Kf7 Qc2 71. Kg8 Qf2 72. Qd5 Qg3+ 73. Kh7 Qf4 74. Qd1 Qe4+ 75. Kg8 Ka2 76. Qd2+ b2 77. Qa5+ Kb3 78. Qb6+ Qb4 79. Qe3+ Ka2 80. Qa7+ Qa3 81. Qf2 Qa4 82. Kh7 Qd7+ 83. Kg8 Ka1 84. Qf6 Qd3 85. Kh8 Ka2 86. Qe6+ Ka3 87. Qe7+ Kb3 88. Qe6+ Kc2 0-1

[Event "ROM-ch op"]
[Site "Sarata Monteoru"]
[Date "2011.02.13"]
[Round "2"]
[White "Arghirescu, Marius"]
[Black "Dobrea, Eugen"]
[Result "1-0"]
[WhiteElo "1921"]
[BlackElo "1761"]
[PlyCount "111"]
[EventDate "2011.02.12"]
[EventType "swiss"]
[EventRounds "11"]
[EventCountry "ROU"]
[SourceTitle "EXT 2013"]
[Source "ChessBase"]
[SourceDate "2012.11.22"]
[SourceVersion "1"]
[SourceVersionDate "2012.11.22"]
[SourceQuality "1"]

1. e4 e5 2. Nf3 Nc6 3. Bb5 a6 4. Ba4 Nf6 5. 0-0 Be7 6. Re1 b5 7. Bb3 d6 8. c3 0-0 9. h3 Re8 10. d4 Bf8 11. Nbd2 Nb8 12. Nf1 h6 13. Ng3 Nbd7 14. Bc2 c5 15. Be3 Qc7 16. Qd2 Bb7 17. d5 Kh7 18. Nh2 Nb6 19. b3 Bc8 20. f4 Nbd7 21. Qf2 exf4 22. Bxf4 Ne5 23. Rad1 c4 24. b4 Bd7 25. Ne2 Nd3 26. Rxd3 cxd3 27. Bxd3 g6 28. Bxh6 Bxh6 29. Qxf6 Kg8 30. Rf1 Rf8 31. Nf3 Rae8 32. Qh4 Kg7 33. g4 Be3+ 34. Kg2 Rh8 35. Qg3 f6 36. Ne5 Bg5 37. Nxd7 Qxd7 38. Nd4 Bh4 39. Qf3 Qc7 40. Nc6 Bg5 41. c4 bxc4 42. Bxc4 Qb6 43. Qd3 Ra8 44. a4 Qe3 45. Qxe3 Bxe3 46. Rf3 Bd2 47. Rb3 Rhe8 48. Kf3 Kh6 49. b5 axb5 50. axb5 Ba5 51. b6 Bxb6 52. Rxb6 Kg5 53. Rb3 Ra2 54. Nd4 Kh4 55. Be2 Rea8 56. Kg2 1-0

[Event "ROM-ch"]
[Site "Baile Olanesti"]
[Date "2010.01.31"]
[Round "1"]
[White "Doros, Radu Marian"]
[Black "Arghirescu, Marius"]
[Result "1-0"]
[WhiteElo "2313"]
[BlackElo "1897"]
[PlyCount "51"]
[EventDate "2010.01.31"]
[EventType "swiss"]
[EventRounds "9"]
[EventCountry "ROU"]
[SourceTitle "CBM 134 Extra"]
[Source "ChessBase"]
[SourceDate "2010.03.03"]
[SourceVersion "1"]
[SourceVersionDate "2010.03.03"]
[SourceQuality "1"]

1. e4 e5 2. Bc4 Nf6 3. d3 Be7 4. Nc3 d6 5. f4 c6 6. fxe5 dxe5 7. Nf3 Bg4 8. Bxf7+ Kf8 9. Bb3 Bh5 10. 0-0 Qb6+ 11. Kh1 Nbd7 12. Qe1 h6 13. Be3 Qc7 14. Qg3 Bd6 15. Nh4 Re8 16. Rf5 g5 17. Raf1 Ke7 18. Nf3 Kd8 19. Nd2 Rhf8 20. Nc4 b6 21. a4 Bg6 22. R5f2 Nh5 23. Qh3 Rxf2 24. Rxf2 Rf8 25. Qe6 Rxf2 26. Bxf2 1-0